Herencia, raza y sociedad /
Guardado en:
| Autor Principal: | |
|---|---|
| Formato: | Libro |
| Publicado: |
México :
Fondo de Cultura Económica,
1964
|
| Materias: | |
| Etiquetas: |
Agregar Etiqueta
Sin Etiquetas, Sea el primero en etiquetar este registro!
|
| LEADER | 00798nam a22002295a 4500 | ||
|---|---|---|---|
| 001 | CEM.cems015819 | ||
| 008 | 130507s1964##################000#0#####d | ||
| 005 | 20210823195557.0 | ||
| 003 | CEMS | ||
| 245 | 1 | 0 | |a Herencia, raza y sociedad / |c L. C. Dunn y Th. Dobzhansky ; traducido Por Enrique Beltrán |
| 260 | |a México : |b Fondo de Cultura Económica, |c 1964 | ||
| 300 | |a 157 p. | ||
| 505 | 0 | |a Las creencias del hombre primitivo. Las estructuras sociales primitivas. El nacimiento del poder político. | |
| 100 | 1 | |a Dunn, L C | |
| 082 | 0 | 4 | |a 572 |
| 653 | |a Aantropología | ||
| 653 | |a Evolución | ||
| 653 | |a Eugenesia | ||
| 653 | |a Genes | ||
| 653 | |a Herencia cultural | ||
| 859 | |a CEMS |b BIB. CEMS - Agricultura |h 572 |i D922 |p A18761.95 |t Ej.1 | ||
| 859 | |a CEMS |b BIB. CEMS - 11 de abril |h 572 |i D922 |p 600.73 |t Ej.1 | ||
